Communes Limitrophes de Besançon - Statistiques

Statistiques générales
  • Ce quiz a été pris 121 fois
  • Le résultat moyen est 8 sur 18
Statistiques - réponses
Communes % Correct
Ouest École-Valentin
87%
Sud Beure
73%
Est Thise
70%
Ouest Pirey
63%
Ouest Serre-les-Sapins
62%
Sud Avanne-Aveney
61%
Sud-Ouest Franois
60%
Est Morre
58%
Est Chalezeule
57%
Est Montfaucon
45%
Ouest Châtillon-le-Duc
40%
Ouest Pouilley-les-Vignes
38%
Sud-Est Fontain
29%
Nord-Ouest Tallenay
16%
Nord-Est Braillans
13%
Nord Mérey-Vieilley
11%
Nord Vieilley
10%
Nord-Ouest Bonnay
9%
Aucun quiz correspondant
Distribution des résultats
% des personnes avec chaque résultat
Percentile par nombre de réponses
Votre historique - résultats
Vous n’avez pas pris ce quiz